000
00265nam a2200109Ia 4500
008
220713s9999 xx 000 0 und d
020
_a
717292746
082
_a
J 170.3 ETHI
100
_a
No author, editors only
245
0
_a
Ethics and Values: Vol 7
942
_c
BK
_w
561
_x
John Tresidder
_y
561
_z
John Tresidder
999
_c
707308
_d
707307